Vista normal
Vista MARC
Entrada Personal Name
Número de registros utilizados en: 1
001 - CONTROL NUMBER
- control field: 2019
003 - CONTROL NUMBER IDENTIFIER
- control field: OSt
005 - DATE AND TIME OF LATEST TRANSACTION
- control field: 20200327102810.0
008 - FIXED-LENGTH DATA ELEMENTS
- fixed length control field: 200327|| aca||aabn | a|a d
040 ## - CATALOGING SOURCE
- Original cataloging agency: OSt
- Transcribing agency: OSt
100 ## - HEADING--PERSONAL NAME
- Personal name: Zapata Cárdenas, Carlos Alberto,
670 ## - SOURCE DATA FOUND
- Source citation: Work cat.: (OSt)4027: Zapata Cárdenas, Carlos Alberto, autor, Guía para la elaboración de planes de contingencia en archivos /, 2011